Návrh a vývoj plastového dielca

Saved in:
Bibliographic Details
Main Author: Suchodolinský, Jakub (Author)
Other Authors: Peterka, Jozef (Thesis advisor)
Format: Manuscript Book
Language:Slovak
Published: 2019
Subjects:
Online Access:http://is.stuba.sk/zp/portal_zp.pl?podrobnosti=143574
Tags: Add Tag
No Tags, Be the first to tag this record!

MARC

LEADER 00000ntm a22000003a 4500
001 stuzp73338
003 SK-STU
005 20190615212509.5
007 ta
008 150427s2015----xo-----f-mn---000-0-slo-d
040 |a STU  |b slo 
041 0 |a slo 
100 1 |a Suchodolinský, Jakub  |u 063000  |k Z4  |4 aut  |U MTF Materiálovotechnologická fakulta  |T MTF Ústav výrobných technológií  |X 63350  |U M3000  |Y 83  |7 63350 
242 0 1 |a Design and development of plastic component  |y eng 
245 1 0 |a Návrh a vývoj plastového dielca 
260 |c 2019 
650 4 |a Reflektor  |2 slo 
650 4 |a vstrekovanie  |2 slo 
650 4 |a plastový diel  |2 slo 
650 4 |a ZKW Slovakia s.r.o  |2 slo 
650 4 |a Reflector  |2 eng 
650 4 |a injection molding  |2 eng 
650 4 |a plastic component  |2 eng 
650 4 |a ZKW Slovakia s.r.o  |2 eng 
700 1 |a Peterka, Jozef  |u 063200  |k Z1  |4 ths  |U MTF Ústav výrobných technológií  |T MTF Katedra obrábania a počítačovej podpory technológií  |X 278  |U M3200  |Y 164  |7 A000000278 
856 4 |u http://is.stuba.sk/zp/portal_zp.pl?podrobnosti=143574 
996 |c M* DP-13967  |l MMSKP  |s P  |a 0  |w stuzp73338_0001